|
|
|
|
| LEADER |
01218nam a22003012a 4500 |
| 001 |
001440684 |
| 003 |
CZ BrMZK |
| 005 |
20141201121131.0 |
| 007 |
ta |
| 008 |
141201s1955 xr er|||||||||||cze d |
| 015 |
|
|
|a cnb000718119
|
| 035 |
|
|
|a (OCoLC)85442833
|
| 040 |
|
|
|a ABA001
|b cze
|c ULG001
|d ABA001
|d BOA001
|
| 100 |
1 |
|
|a Korejs, Josef,
|d 1897-1965
|7 jk01061826
|4 edt
|4 red
|
| 245 |
1 |
0 |
|a Nové pojetí vyučování mateřskému jazyku na škole národní :
|b [jednota jaz. a věcného vyučování] : metodická stať pro učitele 2.-4. postupného ročníku všobecných vzdělávacích škol /
|c vypracovali za redakce Josefa Korejse ... [et al.]
|
| 250 |
|
|
|a 1. vyd.
|
| 260 |
|
|
|a Praha :
|b Státní pedagogické nakladatelství,
|c 1955
|
| 300 |
|
|
|a 131 s. ;
|c 8°
|
| 490 |
1 |
|
|a Metodické příručky ;
|v sv. 34
|
| 500 |
|
|
|a 12400 výt.
|
| 504 |
|
|
|a Obsahuje bibliografické odkazy
|
| 830 |
|
0 |
|a Metodické příručky
|
| 910 |
|
|
|a BOA001
|b 2-0341.217
|
| 990 |
|
|
|a BK
|
| 995 |
|
|
|a 01
|
| 991 |
|
|
|b 201412
|
| 996 |
7 |
|
|b 2618986462
|c 2-0341.217
|l MZK
|r Sklad / do 24 hodin
|n 0
|w 001475526
|u 000020
|a 1
|e BOA001
|j MZK50
|s A
|
| 996 |
6 |
|
|b 2618986463
|c 2-0341.217
|l MZK
|r Sklad / do 24 hodin
|n 0
|w 001475526
|u 000010
|a 1
|e BOA001
|j MZK50
|s P
|